Hồ Chí Minh trong trái tim nhân loại

Tuyển chọn những bài viết và cảm tưởng của các các nhà chính trị, các nhà văn hoá, nhà hoạt động cách mạng và nhà báo trên khắp thế giới viết về Chủ tịch Hồ Chí Minh

Shranjeno v:
Bibliografske podrobnosti
Drugi avtorji: Phạm Hoàng Điệp (b.s.)
Format: Knjiga
Jezik:Vietnamese
Izdano: H. Văn hoá Thông tin 2013
Teme:
Oznake: Označite
Brez oznak, prvi označite!
Thư viện lưu trữ: Mạng thư viện Đại học Đà Nẵng
LEADER 01503aam a22003618a 4500
001 000019967
003 16408
005 20141205151256.0
008 141204s2013 viesd
020 |d 500b 
041 0 |a vie 
082 0 4 |2 23  |a 895.9228308  |b Hôc 
245 0 0 |a Hồ Chí Minh trong trái tim nhân loại  |c Phạm Hoàng Điệp b.s. 
260 |a H.  |b Văn hoá Thông tin  |c 2013 
300 |a 427 tr.  |b ảnh  |c 21 cm. 
520 |a Tuyển chọn những bài viết và cảm tưởng của các các nhà chính trị, các nhà văn hoá, nhà hoạt động cách mạng và nhà báo trên khắp thế giới viết về Chủ tịch Hồ Chí Minh 
600 1 7 |2 Bộ TK TVQG  |a Hồ Chí Minh  |c Lãnh tụ Cách mạng, chính trị gia  |d 1890-1969  |y 1890-1969  |z Việt Nam 
650 0 4 |2 Bộ TK TVQG  |a Văn học Việt Nam  |x Nhân vật lịch sử 
650 7 |2 Bộ TK TVQG 
650 7 |2 Bộ TK TVQG 
651 7 |2 Bộ TK TVQG  |a Việt Nam 
653 |a Hồ Chí Minh 
700 1 |a Phạm Hoàng Điệp  |e b.s. 
OWN |a LSP 
AVA |a UDN50  |b LSP  |d 895.9228308 Hôc  |e available  |t Error 5001 Not defined in file expand_doc_bib_avail.  |f 2  |g 0  |h N  |i 0  |k 1 
999 |a From the UDN01 
AVA |a UDN50  |b LSP  |d 895.9228308 Hôc  |e available  |t Error 5001 Not defined in file expand_doc_bib_avail.  |f 2  |g 0  |h N  |i 0  |k 1 
TYP |a Monograph 
TYP |a Printed language 
980 |a Mạng thư viện Đại học Đà Nẵng